[Event "Frome Open 2017"]
[Site "?"]
[Date "2017.05.13"]
[Round "1.1"]
[Board "1"]
[White "Holt, P."]
[Black "Ward, J."]
[Result "1-0"]
[WhiteElo "2228"]
[BlackElo "1990"]
[PlyCount "29"]
[EventDate "2017.??.??"]
[SourceDate "2017.05.15"]
[SourceVersionDate "2017.05.15"]

1. e4 c5 2. c3 d6 3. d4 Nd7 4. Nf3 e6 5. Bd3 Qc7 6. O-O Ngf6 7. Qe2 e5 8. dxe5
dxe5 9. a4 b6 10. Na3 a6 11. Bc4 Be7 12. Ng5 O-O 13. Bxf7+ Rxf7 14. Qc4 Bd6 15.
Qxf7+ 1-0

[Event "Frome Open 2017"]
[Site "Frome ENG"]
[Date "2017.05.12"]
[Round "1.2"]
[Board "2"]
[White "Bourne, Johnathan D"]
[Black "Crockart, Scott A"]
[Result "1/2-1/2"]
[WhiteElo "1955"]
[BlackElo "2129"]
[PlyCount "59"]
[EventDate "2017.05.12"]

1. e4 c6 2. d4 d5 3. exd5 cxd5 4. c4 Nf6 5. Nc3 Nc6 6. Nf3 Bg4 7. cxd5 Nxd5 8.
Qb3 Bxf3 9. gxf3 e6 10. Qxb7 Nxd4 11. Bb5+ Nxb5 12. Qc6+ Ke7 13. Qxb5 Nxc3 14.
bxc3 Qd5 15. Bg5+ f6 16. Qxd5 exd5 17. Be3 Ke6 18. Rb1 Rc8 19. Kd2 Bc5 20. Rhe1
Kf5 21. Rb5 Bxe3+ 22. Rxe3 Rhd8 23. Kd3 Rc7 24. Ra5 Kf4 25. Ra4+ Kf5 26. Ra5
Rdd7 27. Ra4 Rb7 28. Rb4 a5 29. Ra4 Rb5 30. Re2 1/2-1/2

[Event "Frome Open 2017"]
[Site "Frome ENG"]
[Date "2017.05.12"]
[Round "1.3"]
[Board "3"]
[White "Richmond, Jane"]
[Black "Gregory, Andrew M"]
[Result "1/2-1/2"]
[WhiteElo "2128"]
[BlackElo "1940"]
[PlyCount "104"]
[EventDate "2017.05.12"]

1. e4 d6 2. d4 Nf6 3. Nc3 g6 4. Be3 Bg7 5. Qd2 c6 6. f3 b5 7. h4 h5 8. Nh3 Bxh3
9. Rxh3 Nbd7 10. a4 Qa5 11. Nd1 Qxd2+ 12. Bxd2 bxa4 13. Rxa4 O-O 14. Ra6 Rfc8
15. c3 c5 16. Bd3 cxd4 17. cxd4 Nb8 18. Ra4 Nc6 19. Bb5 Nb8 20. Nc3 e6 21. Bf4
Nfd7 22. Bxd7 Nxd7 23. Bxd6 Nb6 24. Rb4 Rc4 25. e5 Rd8 26. Ne2 Rxb4 27. Bxb4
Nc4 28. f4 Rb8 29. Bc5 Rxb2 30. Rc3 Rb1+ 31. Kf2 Nd2 32. Ke3 Nf1+ 33. Kf2 Nd2
34. Rc2 Ne4+ 35. Ke3 f5 36. exf6 Nxf6 37. Bxa7 Nd5+ 38. Kd2 Rb3 39. Rc8+ Kf7
40. Rb8 Ra3 41. Rb7+ Kf6 42. Bb8 Bh6 43. g3 Kf5 44. Rh7 Bf8 45. Rf7+ Ke4 46.
Rxf8 Ra2+ 47. Kd1 Ne3+ 48. Kc1 Rc2+ 49. Kb1 Rxe2 50. Rf6 Nd5 51. Rxe6+ Kxd4 52.
Rxg6 Nc3+ 1/2-1/2

[Event "Frome Open 2017"]
[Site "Frome ENG"]
[Date "2017.05.12"]
[Round "1.4"]
[Board "4"]
[White "Bogdan, Horia D"]
[Black "Waddington, Mike P"]
[Result "1-0"]
[WhiteElo "1918"]
[BlackElo "2085"]
[PlyCount "65"]
[EventDate "2017.05.12"]

1. c4 f5 2. g3 Nf6 3. Bg2 g6 4. Nf3 Bg7 5. O-O O-O 6. Nc3 d6 7. d3 e5 8. Rb1 h6
9. b4 g5 10. h4 g4 11. Ne1 Nh5 12. Bd2 f4 13. Kh2 Kh8 14. d4 exd4 15. Nd5 Be5
16. Nd3 fxg3+ 17. fxg3 Bxg3+ 18. Kg1 Bf5 19. e4 dxe3 20. Bc3+ Ng7 21. Rxf5 Rxf5
22. Bxg7+ Kxg7 23. Qxg4+ Rg5 24. hxg5 Bf2+ 25. Nxf2 exf2+ 26. Kxf2 hxg5 27.
Qd4+ Kf7 28. Rf1 Nc6 29. Kg1+ Kg8 30. Nf6+ Kg7 31. Ne8+ Kg6 32. Qg7+ Kh5 33.
Qh7+ 1-0

[Event "Frome Open 2017"]
[Site "Frome ENG"]
[Date "2017.05.12"]
[Round "1.5"]
[Board "5"]
[White "Menadue, Jeremy FS"]
[Black "Paulden, Tim"]
[Result "1/2-1/2"]
[WhiteElo "2082"]
[BlackElo "1910"]
[PlyCount "43"]
[EventDate "2017.05.12"]

1. d4 g6 2. c4 Bg7 3. Nc3 d6 4. e4 e5 5. d5 Ne7 6. h4 h5 7. Bd3 a5 8. Nge2 Na6
9. Be3 Bd7 10. Qd2 Nc5 11. Bc2 b6 12. f3 Qc8 13. b3 f5 14. Rb1 O-O 15. a3 fxe4
16. fxe4 Bg4 17. Nc1 Kh7 18. b4 axb4 19. axb4 Nd7 20. Nd3 c6 21. Nf2 Nf6 22.
O-O 1/2-1/2

[Event "Frome Open 2017"]
[Site "Frome ENG"]
[Date "2017.05.12"]
[Round "1.6"]
[Board "6"]
[White "Adaway, William"]
[Black "Krzyzanowski, Patryk"]
[Result "0-1"]
[WhiteElo "1897"]
[BlackElo "2078"]
[PlyCount "52"]
[EventDate "2017.05.12"]

1. Nf3 d5 2. g3 Bf5 3. Bg2 h6 4. d3 c5 5. Nbd2 Nf6 6. O-O Nc6 7. Re1 Bh7 8. c3
Rb8 9. a3 e5 10. e4 dxe4 11. dxe4 Be7 12. Nh4 Qd7 13. Qc2 O-O 14. Nf5 Rfd8 15.
Nf1 Bf8 16. Be3 Qd3 17. Qxd3 Rxd3 18. Rad1 Rbd8 19. Rxd3 Rxd3 20. Bc1 b5 21. c4
bxc4 22. N1e3 c3 23. bxc3 Rxc3 24. Nd5 Nxd5 25. exd5 Nd4 26. Ne3 Rxc1 0-1

[Event "Frome Open 2017"]
[Site "Frome ENG"]
[Date "2017.05.12"]
[Round "1.7"]
[Board "7"]
[White "Pleasants, Allan J"]
[Black "Clancy, Martin J"]
[Result "1-0"]
[WhiteElo "2066"]
[BlackElo "1886"]
[PlyCount "93"]
[EventDate "2017.05.12"]

1. Nf3 g6 2. g3 Bg7 3. Bg2 c5 4. O-O Nc6 5. c4 d6 6. Nc3 e5 7. d3 Nge7 8. Bg5
f6 9. Bd2 Be6 10. a3 O-O 11. Rb1 Qd7 12. b4 b6 13. Ne1 Rab8 14. Nc2 Bh3 15. Ne3
Bxg2 16. Kxg2 Nd4 17. Ned5 cxb4 18. Nxe7+ Qxe7 19. axb4 f5 20. e3 Ne6 21. Nd5
Qb7 22. f3 Rbe8 23. e4 fxe4 24. dxe4 Rf7 25. Be3 Qc6 26. Qd3 Rc8 27. Rbc1 Rcf8
28. Rf2 Bf6 29. b5 Qd7 30. Rd1 Bg5 31. h4 Bxe3 32. Qxe3 Nd4 33. Rdf1 Qc8 34.
Qd3 Qc5 35. f4 Qc8 36. f5 gxf5 37. exf5 Kh8 38. g4 h5 39. Qe3 hxg4 40. f6 Nf3
41. Ne7 Qd8 42. Qh6+ Rh7 43. Ng6+ Kg8 44. Qxf8+ Qxf8 45. Nxf8 Kxf8 46. Kg3 Nxh4
47. Rh2 1-0

[Event "Frome Open 2017"]
[Site "Frome ENG"]
[Date "2017.05.12"]
[Round "1.8"]
[Board "8"]
[White "Ponting, Andrew"]
[Black "Garcia, Oscar"]
[Result "1/2-1/2"]
[WhiteElo "1872"]
[BlackElo "2062"]
[PlyCount "148"]
[EventDate "2017.05.12"]

1. d4 Nf6 2. c4 e6 3. Nc3 Bb4 4. e3 b6 5. Bd3 Bb7 6. f3 c5 7. Nge2 cxd4 8. exd4
O-O 9. O-O d5 10. Bg5 Be7 11. cxd5 Nxd5 12. Bxe7 Qxe7 13. Nxd5 Bxd5 14. Nf4 Bb7
15. Re1 Qd6 16. Ne2 Nc6 17. Be4 Rfd8 18. Qd3 h6 19. Rad1 e5 20. Qe3 exd4 21.
Bxc6 Qxc6 22. Rxd4 Re8 23. Qd2 Qc5 24. Qc3 Qg5 25. Kf2 Rac8 26. Qd2 Qc5 27. b4
Qc2 28. Qxc2 Rxc2 29. a4 a6 30. b5 axb5 31. axb5 Re5 32. Rd7 Bc8 33. Rd8+ Kh7
34. Kg3 Bf5 35. Kf4 Rcc5 36. g4 Be6 37. Rdd1 Bb3 38. Rb1 Bc4 39. Nd4 Red5 40.
Ke3 Bxb5 41. Nxb5 Rxb5 42. Ra1 Re5+ 43. Kd4 Rxe1 44. Rxe1 g5 45. Kc4 Rb2 46.
Re7 Kg6 47. Rb7 Rxh2 48. Rxb6+ f6 49. Kd4 Re2 50. Kd3 Re7 51. Ra6 Rb7 52. Ke4
Rb4+ 53. Ke3 Rf4 54. Ra8 h5 55. gxh5+ Kxh5 56. Rh8+ Kg6 57. Ra8 Rb4 58. Ra6
Rb3+ 59. Ke4 Rb4+ 60. Ke3 Rc4 61. Rb6 Rc5 62. Kf2 Kf5 63. Kg3 Ke5 64. Ra6 f5
65. Rg6 Rc1 66. Rxg5 Rg1+ 67. Kh4 Rh1+ 68. Kg3 Kf6 69. f4 Rg1+ 70. Kf2 Rxg5 71.
fxg5+ Kxg5 72. Kg3 f4+ 73. Kf3 Kf5 74. Kf2 Ke4 1/2-1/2

[Event "Frome Open 2017"]
[Site "Frome ENG"]
[Date "2017.05.12"]
[Round "1.9"]
[Board "9"]
[White "Anderson, Peter W"]
[Black "Stoyanov, Viktor"]
[Result "1/2-1/2"]
[WhiteElo "2050"]
[BlackElo "1834"]
[PlyCount "102"]
[EventDate "2017.05.12"]

1. d4 Nf6 2. c4 g6 3. Nc3 Bg7 4. e4 d6 5. Nf3 O-O 6. Be2 e5 7. Be3 exd4 8. Nxd4
Re8 9. f3 c6 10. Bf2 d5 11. exd5 cxd5 12. O-O Nc6 13. c5 Nh5 14. Qd2 Be6 15.
Rfd1 Nxd4 16. Bxd4 Bxd4+ 17. Qxd4 Qg5 18. Bf1 a6 19. Rd2 Rad8 20. Rad1 Ng7 21.
Bd3 Bc8 22. b4 Ne6 23. Qf2 Nf4 24. Kf1 Qe5 25. Ne2 Nxe2 26. Bxe2 Qxh2 27. Rxd5
Rxd5 28. Rxd5 Qh1+ 29. Qg1 Qxg1+ 30. Kxg1 Rxe2 31. Rd8+ Kg7 32. Rxc8 Rxa2 33.
Rb8 a5 34. Rxb7 axb4 35. Rxb4 Rc2 36. Rb5 Kf6 37. Kh2 h5 38. Kg3 Ke6 39. Kh3 f6
40. Kg3 g5 41. Ra5 f5 42. Kh3 h4 43. Rb5 Rc1 44. Kh2 g4 45. fxg4 fxg4 46. c6
Rc2 47. Rg5 h3 48. Rxg4 Rxg2+ 49. Rxg2 hxg2 50. c7 Kd7 51. Kxg2 Kxc7 1/2-1/2

[Event "Frome Open 2017"]
[Site "?"]
[Date "2017.05.13"]
[Round "1.10"]
[Board "10"]
[White "Bridges, P."]
[Black "Simons, Martin"]
[Result "0-1"]
[WhiteElo "1791"]
[BlackElo "2036"]
[PlyCount "92"]
[EventDate "2017.??.??"]
[SourceDate "2017.05.15"]
[SourceVersionDate "2017.05.15"]

1. e4 Nc6 2. d4 d5 3. e5 Bf5 4. c3 Qd7 5. Nf3 f6 6. Bb5 a6 7. Ba4 Bg4 8. Bxc6
Qxc6 9. Qd3 Qb5 10. Qxb5+ axb5 11. Nbd2 e6 12. O-O b6 13. Re1 Kd7 14. h3 Bxf3
15. Nxf3 Ne7 16. Bd2 c5 17. a3 Nc6 18. b4 Be7 19. Reb1 c4 20. Ra2 Rhf8 21. Rba1
Ra4 22. Re1 Bd8 23. Bc1 Bc7 24. Rae2 fxe5 25. dxe5 Raa8 26. Nd4 Nxd4 27. cxd4
Rf7 28. Rc2 Bd8 29. f4 Bh4 30. Rf1 g5 31. fxg5 Rxf1+ 32. Kxf1 Rf8+ 33. Kg1 Rg8
34. Kf1 Bxg5 35. Bxg5 Rxg5 36. Rf2 Ke7 37. Rf3 Rg8 38. Kf2 Rf8 39. Rxf8 Kxf8
40. g3 Kg7 41. Ke2 Kg6 42. Kf3 Kf5 43. Ke3 h6 44. Kf3 c3 45. Ke3 c2 46. Kd2 Ke4
0-1

[Event "Frome Open 2017"]
[Site "?"]
[Date "2017.05.13"]
[Round "1.11"]
[Board "11"]
[White "Crockart, George"]
[Black "Hollands, George"]
[Result "1/2-1/2"]
[WhiteElo "2001"]
[BlackElo "1754"]
[PlyCount "100"]
[EventDate "2017.??.??"]
[SourceDate "2017.05.15"]
[SourceVersionDate "2017.05.15"]

1. c4 e5 2. Nc3 Bb4 3. Nd5 Bc5 4. d3 c6 5. Nc3 Nf6 6. Nf3 d6 7. Bg5 Bb4 8. g3
h6 9. Bxf6 Qxf6 10. Qb3 Bxc3+ 11. Qxc3 Nd7 12. Bg2 O-O 13. O-O Qe6 14. d4 e4
15. d5 cxd5 16. cxd5 Qxd5 17. Rfd1 Qc5 18. Nd4 Qxc3 19. bxc3 d5 20. Nf5 Nf6 21.
Ne7+ Kh8 22. Nxd5 Nxd5 23. Rxd5 f5 24. e3 Be6 25. Rd6 Bc4 26. Bf1 Bxf1 27. Kxf1
Rad8 28. Rad1 Rxd6 29. Rxd6 Rf7 30. Ke2 Kg8 31. h3 Kf8 32. g4 fxg4 33. hxg4 Rc7
34. Kd2 Rf7 35. Ke1 Rc7 36. Rd8+ Ke7 37. Rd4 Rxc3 38. Rxe4+ Kf6 39. a4 Rc2 40.
Kf1 Rb2 41. Kg2 b5 42. axb5 Rxb5 43. Ra4 a5 44. f4 g5 45. Kf3 gxf4 46. exf4
Rb3+ 47. Kg2 Rb4 48. Rxa5 Rxf4 49. Kg3 Rf1 50. Ra8 Kg6 1/2-1/2

[Event "Frome Open 2017"]
[Site "Frome ENG"]
[Date "2017.05.12"]
[Round "1.12"]
[Board "12"]
[White "Rowland, Olatunji"]
[Black "de Coverly, Roger D"]
[Result "0-1"]
[WhiteElo "1690"]
[BlackElo "1998"]
[PlyCount "80"]
[EventDate "2017.05.12"]

1. Nf3 Nf6 2. d3 d5 3. g3 Nc6 4. Bg2 e5 5. Nbd2 Be6 6. O-O Qd7 7. c4 O-O-O 8.
a3 dxc4 9. dxc4 Be7 10. Qa4 Kb8 11. Ng5 Nd4 12. Qxd7 Nxe2+ 13. Kh1 Rxd7 14.
Nxe6 Nxc1 15. Raxc1 Rxd2 16. Nxg7 Rxb2 17. Rb1 Rxb1 18. Rxb1 b6 19. a4 Rd8 20.
a5 Bc5 21. axb6 cxb6 22. f3 Kc7 23. Re1 a5 24. Nf5 a4 25. Nh6 Rd7 26. Bh3 Re7
27. Nf5 Re8 28. Ne3 a3 29. Nc2 e4 30. fxe4 Nxe4 31. Kg2 Nd6 32. Rxe8 Nxe8 33.
Bf5 Nf6 34. g4 h6 35. h3 a2 36. Kf3 Bd4 37. Ke2 a1=Q 38. Nxa1 Bxa1 39. Kd3 Kd6
40. h4 Nd7 0-1

[Event "Frome Open 2017"]
[Site "Frome ENG"]
[Date "2017.05.13"]
[Round "2.1"]
[Board "1"]
[White "Simons, Martin J"]
[Black "Holt, Philip J"]
[Result "1/2-1/2"]
[WhiteElo "2036"]
[BlackElo "2228"]
[PlyCount "67"]
[EventDate "2017.05.12"]

1. e4 d6 2. d4 Nf6 3. Nc3 c6 4. g3 Nbd7 5. Bg2 e5 6. Nf3 Be7 7. O-O O-O 8. a4
a5 9. b3 Re8 10. Bb2 Bf8 11. Re1 Qc7 12. Qd2 h6 13. Rad1 b6 14. Ba3 Bb7 15.
dxe5 dxe5 16. Bxf8 Nxf8 17. Qd6 Qe7 18. Qxe7 Rxe7 19. Nd2 Ba6 20. Bf1 Ne6 21.
Bxa6 Rxa6 22. Nf3 Ng5 23. Kg2 Nxf3 24. Kxf3 Ne8 25. Rd8 Raa7 26. Red1 Kh7 27.
Rb8 Rab7 28. Rxb7 Rxb7 29. Rd8 Nc7 30. Rd7 Kg8 31. Rd8+ Kh7 32. Rd7 Kg8 33.
Rd8+ Kh7 34. Rd7 1/2-1/2

[Event "Frome Open 2017"]
[Site "Frome ENG"]
[Date "2017.05.13"]
[Round "2.2"]
[Board "2"]
[White "Krzyzanowski, Patryk"]
[Black "Bogdan, Horia D"]
[Result "0-1"]
[WhiteElo "2078"]
[BlackElo "1918"]
[PlyCount "72"]
[EventDate "2017.05.12"]

1. d4 d5 2. c4 c6 3. Nf3 e6 4. cxd5 exd5 5. Qc2 Bb4+ 6. Bd2 Qe7 7. Bxb4 Qxb4+
8. Nc3 Nf6 9. e3 O-O 10. Bd3 Bg4 11. Ne5 Bh5 12. g4 Nxg4 13. Bxh7+ Kh8 14. Nxg4
Bxg4 15. Rg1 Bh5 16. Bf5 Qd6 17. Rg3 g6 18. Bg4 Bxg4 19. Rxg4 Qxh2 20. O-O-O
Nd7 21. e4 Nf6 22. Rgg1 Qf4+ 23. Kb1 Nxe4 24. f3 Nxc3+ 25. Qxc3 Rae8 26. Qa3
Kg7 27. Qxa7 Re2 28. Qa3 Rfe8 29. Qb4 Qf5+ 30. Ka1 Qxf3 31. Qxb7 Qf2 32. Qxc6
Rxb2 33. Rxg6+ fxg6 34. Qc7+ Kg8 35. Qa5 Ree2 36. Qd8+ Kg7 0-1

[Event "Frome Open 2017"]
[Site "?"]
[Date "2017.05.13"]
[Round "2.3"]
[Board "3"]
[White "De Coverley, Roger"]
[Black "Pleasants, Alan"]
[Result "1/2-1/2"]
[WhiteElo "1998"]
[BlackElo "2066"]
[PlyCount "143"]
[EventDate "2017.??.??"]
[SourceDate "2017.05.15"]
[SourceVersionDate "2017.05.15"]

1. e4 d6 2. d4 g6 3. Nc3 Bg7 4. Be3 Nf6 5. Nf3 O-O 6. h3 Nc6 7. d5 Nb8 8. Be2
c6 9. dxc6 Nxc6 10. Qd2 Bd7 11. Bh6 Qa5 12. O-O Rfc8 13. Bxg7 Kxg7 14. Rad1 a6
15. Rfe1 Be8 16. Bf1 b5 17. Nd5 Qxd2 18. Rxd2 Ra7 19. c3 Nd7 20. Nd4 Nc5 21. g3
Rb8 22. Nxc6 Bxc6 23. Bg2 Bxd5 24. Rxd5 f6 25. f4 Na4 26. Rd2 Nb6 27. Rf2 Nd7
28. h4 b4 29. cxb4 Rxb4 30. Re3 Rc7 31. a3 Rd4 32. b4 Rc1+ 33. Kh2 Nb6 34. Bf1
Nc4 35. Bxc4 Rdxc4 36. e5 dxe5 37. fxe5 f5 38. Rd2 Kf7 39. Kg2 Ke6 40. Kf2 f4
41. gxf4 Rxf4+ 42. Kg3 Rcc4 43. Rh2 Rg4+ 44. Kf2 Rxh4 45. Rxh4 Rxh4 46. Rc3
Kxe5 47. Rc5+ Kd4 48. Ra5 Rf4+ 49. Kg3 Rf6 50. b5 axb5 51. Rxb5 Ra6 52. Rb4+
Kc5 53. Rb3 Ra4 54. Re3 Kd6 55. Kf2 e5 56. Rh3 Ra7 57. Ke2 Ke6 58. a4 h5 59.
Ra3 e4 60. Ke3 Kf5 61. a5 g5 62. a6 h4 63. Ra5+ Kg4 64. Kxe4 h3 65. Ra2 Kg3 66.
Ra3+ Kh4 67. Kf3 g4+ 68. Kf2 Rf7+ 69. Kg1 Ra7 70. Ra4 Kg3 71. Ra3+ Kh4 72. Ra4
1/2-1/2

[Event "Frome Open 2017"]
[Site "Frome ENG"]
[Date "2017.05.13"]
[Round "2.4"]
[Board "4"]
[White "Crockart, Scott A"]
[Black "French, Max"]
[Result "1-0"]
[WhiteElo "2129"]
[BlackElo "1922"]
[PlyCount "71"]
[EventDate "2017.05.12"]

1. d4 Nf6 2. c4 e6 3. g3 d5 4. Nf3 Be7 5. Bg2 O-O 6. O-O dxc4 7. Ne5 Nc6 8.
Bxc6 bxc6 9. Nxc6 Qe8 10. Nxe7+ Qxe7 11. Qa4 Qd6 12. Rd1 Qd5 13. Nc3 Qh5 14. f3
Bb7 15. Qxc4 Rac8 16. Qb5 Qxb5 17. Nxb5 Nd5 18. e4 a6 19. Nc3 Nb6 20. b3 Nd7
21. Ba3 Rfe8 22. Rac1 f6 23. Kf2 Kf7 24. Ke3 g5 25. Na4 h5 26. Rd2 Red8 27.
Rdc2 c6 28. Nc5 Nxc5 29. Rxc5 Rd7 30. Bb2 Rcd8 31. f4 Rg8 32. fxg5 fxg5 33. Re5
Kf6 34. Rf1+ Kg6 35. Rxe6+ Kh7 36. Rff6 1-0

[Event "Frome Open 2017"]
[Site "?"]
[Date "2017.05.13"]
[Round "2.5"]
[Board "5"]
[White "Paulden, Tim"]
[Black "Richmond, Jane"]
[Result "0-1"]
[WhiteElo "1910"]
[BlackElo "2128"]
[PlyCount "124"]
[EventDate "2017.??.??"]
[SourceDate "2015.02.09"]

1. b3 e5 2. Bb2 Nc6 3. e3 g6 4. g3 Bg7 5. Bg2 h5 6. h3 d5 7. d3 Be6 8. Nd2 Nge7
9. a3 Qd7 10. Ne2 O-O 11. Rb1 Rad8 12. b4 a6 13. Nb3 b6 14. d4 Nf5 15. dxe5
Nxe5 16. O-O Nd6 17. Nf4 Ndc4 18. Bc1 Qe7 19. Qe2 c6 20. Rd1 Bc8 21. Nd4 Rfe8
22. Nxc6 Nxc6 23. Nxd5 Rxd5 24. Bxd5 N4e5 25. Bg2 Bb7 26. Bb2 b5 27. e4 Nc4 28.
Bxg7 Kxg7 29. Rb3 Qf6 30. Qf3 Qg5 31. Qc3+ Kg8 32. f4 Qe7 33. Qf3 Qc7 34. Kh1
Qb6 35. g4 Nd4 36. Qf2 Nxb3 37. Qxb6 Nxb6 38. cxb3 Bxe4 39. Rd6 Bxg2+ 40. Kxg2
Re6 41. Rd8+ Kg7 42. Kf3 Kf6 43. gxh5 gxh5 44. Rh8 Kg6 45. h4 Nd7 46. a4 Nf6
47. axb5 axb5 48. Rb8 Ng4 49. Rxb5 Re3+ 50. Kg2 Rxb3 51. Rg5+ Kh6 52. b5 f6 53.
Rc5 Ne3+ 54. Kf3 Nf5+ 55. Ke4 Nxh4 56. Kd5 Ng6 57. f5 Ne5 58. Ke6 Kg5 59. Rc8
Ng4 60. Rb8 h4 61. b6 h3 62. b7 h2 0-1

[Event "Frome Open 2017"]
[Site "Frome ENG"]
[Date "2017.05.13"]
[Round "2.6"]
[Board "6"]
[White "Gregory, Andrew M"]
[Black "Girdlestone, Paul C"]
[Result "1/2-1/2"]
[WhiteElo "1940"]
[BlackElo "2100"]
[PlyCount "63"]
[EventDate "2017.05.12"]
[SourceDate "2017.05.15"]
[SourceVersionDate "2017.05.15"]

1. Nf3 Nf6 2. b3 c5 3. Bb2 Nc6 4. d3 d5 5. e3 Bf5 6. Nbd2 Qc7 7. g3 Rd8 8. Bg2
e5 9. O-O Be7 10. a3 O-O 11. Nh4 Be6 12. Qe1 g5 13. Nhf3 g4 14. Nh4 Nh5 15. f4
Bxh4 16. f5 Bg5 17. fxe6 fxe6 18. Qe2 Qg7 19. Rxf8+ Rxf8 20. Rf1 Rxf1+ 21. Nxf1
Nf6 22. d4 exd4 23. exd4 Ne4 24. Bxe4 dxe4 25. Qxg4 Nxd4 26. Qxe4 Bf6 27. Kg2
Qg6 28. Qxg6+ hxg6 29. Nd2 Nxb3 30. Nxb3 Bxb2 31. Nxc5 Kf7 32. a4 1/2-1/2

[Event "Frome Open 2017"]
[Site "Frome ENG"]
[Date "2017.05.13"]
[Round "2.7"]
[Board "7"]
[White "Cherupalli, Ramprasad"]
[Black "Menadue, Jeremy FS"]
[Result "1-0"]
[WhiteElo "1884"]
[BlackElo "2082"]
[PlyCount "67"]
[EventDate "2017.05.12"]
[SourceDate "2017.05.15"]
[SourceVersionDate "2017.05.15"]

1. Nf3 d5 2. d4 Nf6 3. c4 c6 4. g3 Bf5 5. Nc3 e6 6. Bg2 Nbd7 7. O-O h6 8. Bf4
Be7 9. Nd2 g5 10. Be3 Ng4 11. Rc1 h5 12. cxd5 exd5 13. h3 Nxe3 14. fxe3 Be6 15.
e4 dxe4 16. Ndxe4 f5 17. d5 fxe4 18. dxe6 Nc5 19. Bxe4 Nxe4 20. Nxe4 Qxd1 21.
Rcxd1 Rd8 22. Rxd8+ Kxd8 23. Rd1+ Ke8 24. Nd6+ Bxd6 25. Rxd6 Rh7 26. Kf2 Rc7
27. e4 c5 28. Ke3 b5 29. Rd5 b4 30. Rxg5 c4 31. Rg8+ Ke7 32. Rg7+ Kd6 33. Rxc7
Kxc7 34. Kd4 1-0

[Event "Frome Open 2017"]
[Site "Frome ENG"]
[Date "2017.05.13"]
[Round "2.8"]
[Board "8"]
[White "Garcia, Oscar"]
[Black "Bourne, Johnathan D"]
[Result "1-0"]
[WhiteElo "2062"]
[BlackElo "1955"]
[PlyCount "101"]
[EventDate "2017.05.12"]

1. e4 Nf6 2. e5 Nd5 3. c4 Nb6 4. d4 d6 5. exd6 exd6 6. Nc3 Nc6 7. h3 Be7 8. Nf3
O-O 9. Be3 Bf5 10. d5 Ne5 11. Nxe5 dxe5 12. Be2 Bg6 13. O-O f5 14. f4 exf4 15.
Bxf4 c5 16. Be5 Bd6 17. Bxd6 Qxd6 18. Qd2 Rae8 19. Nb5 Qe5 20. Rae1 Qe3+ 21.
Qxe3 Rxe3 22. Nd6 Re7 23. Bd3 Rd7 24. Re6 Rfd8 25. Nb5 Nc8 26. Rf4 a6 27. Nc3
Nd6 28. g4 b5 29. b3 Rf8 30. gxf5 Nxf5 31. Rxa6 bxc4 32. bxc4 Nd6 33. Rxf8+
Kxf8 34. Be2 Ke7 35. Rc6 Ra7 36. a4 Ra5 37. Nb5 Ne4 38. Bd3 Rxa4 39. Re6+ Kd7
40. Bxe4 Bf7 41. Rb6 Rxc4 42. Bf5+ Kd8 43. Rb8+ Ke7 44. Rb7+ Kf6 45. Be4 Rxe4
46. Rxf7+ Ke5 47. Re7+ Kxd5 48. Nc3+ Kd4 49. Nxe4 c4 50. Kf2 c3 51. Nxc3 1-0

[Event "Frome Open 2017"]
[Site "Frome ENG"]
[Date "2017.05.13"]
[Round "2.9"]
[Board "9"]
[White "Kramaley, David"]
[Black "Anderson, Peter W"]
[Result "1-0"]
[WhiteElo "1817"]
[BlackElo "2050"]
[PlyCount "87"]
[EventDate "2017.05.12"]
[SourceDate "2017.05.15"]
[SourceVersionDate "2017.05.15"]

1. e4 g6 2. d4 Bg7 3. Nf3 d6 4. h3 Nf6 5. Bd3 O-O 6. Be3 Nc6 7. c3 Nd7 8. O-O
e5 9. a3 h6 10. Nbd2 f5 11. Nb3 f4 12. Bc1 g5 13. Bc4+ Kh8 14. Be6 Qe8 15. d5
Nd8 16. Bf5 Rxf5 17. exf5 Qf7 18. g4 fxg3 19. fxg3 Qxf5 20. g4 Qg6 21. Rf2 Nf6
22. c4 b5 23. c5 Nf7 24. Nh2 Qe4 25. Qf1 Qxd5 26. Rxf6 Bxf6 27. Qxf6+ Kg8 28.
Qf3 Bb7 29. Qxd5 Bxd5 30. Nd2 dxc5 31. Ndf1 a5 32. Be3 c4 33. Bc5 Be6 34. Rd1
Rd8 35. Rxd8+ Nxd8 36. Ne3 Nb7 37. Ba7 Nd8 38. Bb8 Nc6 39. Bxc7 b4 40. Nf3 Nd4
41. Nxe5 c3 42. bxc3 bxa3 43. cxd4 Bb3 44. Bxa5 1-0

[Event "Frome Open 2017"]
[Site "Frome ENG"]
[Date "2017.05.13"]
[Round "2.10"]
[Board "10"]
[White "Stoyanov, Viktor"]
[Black "Crockart, George N"]
[Result "1-0"]
[WhiteElo "1834"]
[BlackElo "2001"]
[PlyCount "83"]
[EventDate "2017.05.12"]
[SourceDate "2015.12.09"]

1. d4 f5 2. Bg5 g6 3. e3 Bg7 4. Nf3 Nf6 5. Nc3 b6 6. Be2 Bb7 7. O-O O-O 8. Ne5
e6 9. Bf3 Bxf3 10. Qxf3 d5 11. a4 a6 12. h3 Nbd7 13. Nc6 Qe8 14. Qg3 Nc5 15.
Qxc7 Rf7 16. Qxb6 Nce4 17. Bxf6 Nxf6 18. Ne5 Nd7 19. Nxd7 Rxd7 20. Qa5 Bf6 21.
Ne2 Rb7 22. Ra2 Qc6 23. Qd2 Rab8 24. c3 Qc4 25. b4 g5 26. Raa1 Be7 27. f3 Rc7
28. Rfd1 Kf7 29. Qd3 Qc6 30. Rf1 Bd6 31. e4 Kg6 32. e5 Bf8 33. f4 h6 34. g4 Rf7
35. Ng3 Qc4 36. Qxc4 dxc4 37. gxf5+ exf5 38. Rae1 g4 39. e6 Re7 40. hxg4 fxg4
41. f5+ Kg5 42. f6 1-0

[Event "Frome Open 2017"]
[Site "Frome ENG"]
[Date "2017.05.13"]
[Round "2.11"]
[Board "11"]
[White "Varney, Zoe"]
[Black "Ponting, Andrew"]
[Result "1-0"]
[WhiteElo "1976"]
[BlackElo "1872"]
[PlyCount "111"]
[EventDate "2017.05.12"]

1. e4 c5 2. c3 Nf6 3. e5 Nd5 4. d4 cxd4 5. Nf3 e6 6. cxd4 Nc6 7. Nc3 d6 8. exd6
Bxd6 9. Bd3 Qa5 10. Bd2 Bf4 11. O-O Bxd2 12. Qxd2 Nxc3 13. bxc3 Bd7 14. Rab1
Qc7 15. Qg5 Kf8 16. Qc5+ Kg8 17. Rfe1 b6 18. Qh5 g6 19. Qh6 Qd6 20. Ng5 Qf8 21.
Qh4 Kg7 22. Re3 h6 23. Nf3 Qd8 24. Qg3 Qb8 25. Ne5 Nxe5 26. Rxe5 Qd6 27. Rbe1
Rae8 28. h4 h5 29. R1e3 Rh6 30. Be2 Reh8 31. Bc4 Re8 32. Bb3 b5 33. d5 f6 34.
R5e4 Qxg3 35. fxg3 e5 36. a4 a6 37. Re1 Rc8 38. Rc1 Rhh8 39. Rb4 Rc5 40. axb5
axb5 41. c4 Rhc8 42. Rc2 f5 43. Kf2 bxc4 44. Rcxc4 Rxc4 45. Rxc4 Rxc4 46. Bxc4
Kf6 47. Ke3 Ke7 48. d6+ Kf6 49. Bd5 g5 50. Kd3 gxh4 51. gxh4 f4 52. Bf3 Be8 53.
Kc4 Ke6 54. Kc5 Bg6 55. Kc6 Bc2 56. Kc7 1-0

[Event "Frome Open 2017"]
[Site "?"]
[Date "2017.05.13"]
[Round "2.12"]
[Board "12"]
[White "Turner, Joseph D"]
[Black "Jackson, Paul"]
[Result "1-0"]
[WhiteElo "1958"]
[BlackElo "1748"]
[PlyCount "107"]
[EventDate "2017.??.??"]
[SourceDate "2015.02.09"]

1. e4 e6 2. Nc3 d5 3. Nf3 Nf6 4. e5 Nfd7 5. d4 c5 6. Bg5 Qb6 7. dxc5 Nxc5 8.
Qd2 a6 9. O-O-O Nc6 10. Be3 Qc7 11. Bf4 Qb6 12. g4 Bd7 13. h4 O-O-O 14. h5 h6
15. Be3 Qa5 16. g5 hxg5 17. Bxg5 Be7 18. Bxe7 Nxe7 19. Qf4 Nf5 20. Nd4 Nxd4 21.
Rxd4 Rdf8 22. h6 gxh6 23. Rxh6 Rxh6 24. Qxh6 Rd8 25. Qf4 Be8 26. Bg2 Qc7 27.
Qe3 Kb8 28. f4 Rc8 29. Rb4 Qa5 30. a3 Na4 31. Nxa4 Bxa4 32. c3 Bb5 33. f5 Rc4
34. fxe6 fxe6 35. Bh3 Rc6 36. Rh4 Qb6 37. Rh8+ Ka7 38. Qxb6+ Kxb6 39. Rh6 Kc5
40. Rxe6 d4 41. b4+ Kc4 42. Rxc6+ Bxc6 43. cxd4 Kxd4 44. e6 Ke5 45. Kd2 Kf6 46.
Kc3 Bd5 47. Kd4 Bxe6 48. Bg2 Bc8 49. Kc5 b5 50. Kb6 Ke5 51. Bb7 Bxb7 52. Kxb7
Kd6 53. Kxa6 Kc6 54. Ka5 1-0